000 00557nam a2200205Ia 4500
001 5735
003 GE_BSU
008 181216s||||||||xx |||||||||||||| ||und||
040 _cGE_BSU
080 _a517.972
100 _aГельфанд,И.М; и С.В.Фомин;
245 _aВариационное исчисление
245 _bУчубник для ун-тов
260 _aМоска
260 _bГоеиздат
260 _c1961
300 _a228с.22см.
653 _aВариационное исчисление
942 _cBK
999 _c39152
_d39152